| 000 | 00830nam a22002297a 4500 | ||
|---|---|---|---|
| 999 |
_c178601 _d178601 |
||
| 005 | 20210407154055.0 | ||
| 010 | _aENG-129386-87 | ||
| 020 |
_c550.00 (Vol 1) _a978-93-903-9469-2 |
||
| 020 |
_c499.00 (Vol 2) _a978-93-903-9472-2 |
||
| 035 | _aEN-112918 (Vol 1) | ||
| 035 | _aEN-112919 (Vol 2) | ||
| 037 | _bDBAD/PUB | ||
| 082 | _a530 | ||
| 100 | _aAbhay Kumar | ||
| 245 |
_aObjective Physics for NEET 2021: National Eligibility Cum Entrance Test/ _bAbhay Kumar |
||
| 250 | _a5th | ||
| 260 |
_aNoida _bPearson _c2021 |
||
| 270 |
_a15th floor,Tower-B,Word Trade Tower,Plot no.1,Block-C sec 16, _bNoida _e201301 _k04466540100 _mcompanysecretary.india@pearson.com |
||
| 300 |
_aVarious Pages. _c25cm(pbk) _bincluding graphs, tables, and illustrations. |
||
| 500 | _a2 volume set | ||
| 942 |
_2ddc _cEN _h530 _mABH |
||